Biggest U.S. Cities Starting with P - Statistics

General Stats
  • This quiz has been taken 67,720 times
    38,151 since last reset
  • The average score is 10 of 20
Answer Stats
Population State Hint City % Correct
1,573,916 Pennsylvania Rocky Balboa's hometown Philadelphia
97%
1,673,164 Arizona Record high temperature: 122 °F Phoenix
97%
307,668 Pennsylvania "The Steel City" Pittsburgh
91%
635,749 Oregon On the Willamette River Portland
90%
194,706 Rhode Island Biggest city in its state Providence
75%
149,617 Texas Named after a California city on this quiz Pasadena
63%
137,195 California Home to the Rose Bowl Pasadena
63%
111,166 Colorado Spanish for "village" Pueblo
56%
142,023 Florida Neighbor of Melbourne and Titusville {Palm} Bay
55%
115,479 Utah Brigham Young University Provo
51%
199,924 Arizona Named after the Illinois city on this quiz Peoria
44%
111,696 Illinois Will it play in this city? Peoria
44%
293,286 Texas Dallas suburb, headquarters of Frito-Lay Plano
43%
258,575 Florida Initials P. S. L. Port St. Lucie
33%
179,326 Florida Miami suburb {Pembroke} Pines
24%
160,463 New Jersey Has a high Muslim population Paterson
21%
147,966 California Claremont neighbor Pomona
19%
118,104 Florida Miami suburb {Pompano} Beach
19%
162,536 California Twin city of Lancaster Palmdale
18%
129,620 Texas "Fruity" Houston suburb Pearland
14%
No matching quizzes found
Score Distribution
Percent of People with Each Score
Percentile by Number Answered
Your Score History
You have not taken this quiz since the last reset